000 00535nam a22001937a 4500
003 KOHA_MİRAKIL
005 20250429141316.0
008 250429b tu ||||| |||| 00| 0 tur d
020 _a9786053759881
040 _aTR-AnABB
_btur
_cTR-AnABB
041 _atur
082 _a823.914
_bBAR 2023
100 1 _aBarker, Clive,
245 1 0 _aCehennemlik yürek /
_cClive Barker
260 _aİstanbul :
_bİthaki Yayınları,
_c2023
300 _a134 sayfa ;
_c21 cm
650 0 4 _aİngiliz edebiyatı, roman
942 _2ddc
_cBK
999 _c8859
_d8859
900 _bGizem YORULMAZ